00648nam a2200169Ia 4500008004100000020001800041082002000059100002200079245007800101260002100179300000800200500006400208650005700272700003300329952009900362999001700461120622s9999 xx 000 0 und d a968-26-0329-3 a338.5 B582b v.4 aHenry, William R. aBiblioteca de economía empresarial / William R. Henry, W. Warren Haynes aMéxico : CECSA av.4 aTitulo original : Managerial economics : analysis and cases a1. ECONOMIA GERENCIAL \ 2. PLANIFICACION ESTRATEGICA aHaynes, W. Warren, coaut.Ì 00102lcc4070a22b22d2007-01-25l0o338.5 B582B V.4p01 001050r2023-07-15w2012-06-24yLB c57769d57769